Informe sobre genética humana /

Guardado en:
Autor Principal: Raggi, Julia.
Formato: Libro
Idioma:Spanish
Publicado: Buenos Aires : Fundación Banco de Boston, 1979.
Etiquetas: Agregar Etiqueta
Sin Etiquetas, Sea el primero en etiquetar este registro!
LEADER 00417nam a22001335a 4500
001 EEA.libagro003248
005 20190614114426.0
008 130809s1979####ag############000#0#spa#d
082 0 4 |a 573.2 
100 1 |a Raggi, Julia. 
245 1 0 |a Informe sobre genética humana /  |c Julia Raggi. 
260 |a Buenos Aires :  |b Fundación Banco de Boston,  |c 1979. 
300 |a 31 p. ;  |c 22 cm. 
859 |a AR-BbBCA  |b BIB. AGRONOMIA  |h 573.2  |i F981  |p 1982/0139